<?xml version="1.0" encoding="UTF-8"?><?xml-stylesheet type="text/xsl" href="static/style.xsl"?><OAI-PMH xmlns="http://www.openarchives.org/OAI/2.0/" xmlns:xsi="http://www.w3.org/2001/XMLSchema-instance" xsi:schemaLocation="http://www.openarchives.org/OAI/2.0/ http://www.openarchives.org/OAI/2.0/OAI-PMH.xsd"><responseDate>2026-06-01T18:40:30Z</responseDate><request verb="GetRecord" identifier="oai:riuma.uma.es:10630/14149" metadataPrefix="marc">https://riuma.uma.es/rest/oai/request</request><GetRecord><record><header><identifier>oai:riuma.uma.es:10630/14149</identifier><datestamp>2026-02-03T12:31:20Z</datestamp><setSpec>com_10630_2254</setSpec><setSpec>col_10630_37959</setSpec></header><metadata><record xmlns="http://www.loc.gov/MARC21/slim" xmlns:dcterms="http://purl.org/dc/terms/" xmlns:doc="http://www.lyncode.com/xoai" xmlns:xsi="http://www.w3.org/2001/XMLSchema-instance" xsi:schemaLocation="http://www.loc.gov/MARC21/slim http://www.loc.gov/standards/marcxml/schema/MARC21slim.xsd">
   <leader>00925njm 22002777a 4500</leader>
   <datafield ind2=" " ind1=" " tag="042">
      <subfield code="a">dc</subfield>
   </datafield>
   <datafield ind2=" " ind1=" " tag="720">
      <subfield code="a">Borda-Crespo, María Isabel</subfield>
      <subfield code="e">author</subfield>
   </datafield>
   <datafield ind2=" " ind1=" " tag="260">
      <subfield code="c">2017-07-07</subfield>
   </datafield>
   <datafield ind2=" " ind1=" " tag="520">
      <subfield code="a">La cultura visual tiene una importancia decisiva en las jóvenes generaciones, por ello abordamos la necesidad de la alfabetización visual en la escuela. Resulta esencial que los niños/as aprendan las habilidades de observar, valorar e interpretar el material visual, e incluso su diseño (Salisbury y Styles, 2012: 77) en el momento de su aprendizaje lector. El álbum ilustrado permite trabajar la lectura visual dado que texto e imagen colaboran en la construcción del significado de una historia, además de tratarse de un producto artístico que provoca respuestas afectivas y cognitivas en los lectores infantiles (Arizpe y Styles, 2004; Paley, 2006). La elección del álbum ilustrado Frederick de Leo Lionni  para la realización de una propuesta didáctica de alfabetización visual se justifica por la calidad reconocida de la obra. La colaboración de ambos lenguajes –texto breve y sencillas imágenes-, da como resultado una lectura relativamente fácil para los aprendices.&#xd;
 Palabras clave: Cultura visual, álbum ilustrado, didáctica.</subfield>
   </datafield>
   <datafield ind1="8" ind2=" " tag="024">
      <subfield code="a">Borda-Crespo, María Isabel "Frederick de Leo Lionni: Una propuesta didáctica de alfabetización visual para educación infantil." (2018). En Arte, ilustración y cultura visual&#xd;
diálogos en torno a la mediación educativa crítica dentro y fuera de la escuela, Jiménez Aberasturi Apraiz, Estibaliz, &#xd;
Arriaga Azkarate, Amaia&#xd;
Marcellán Baraze, Idoia (eds), UPV</subfield>
   </datafield>
   <datafield ind1="8" ind2=" " tag="024">
      <subfield code="a">http://hdl.handle.net/10630/14149</subfield>
   </datafield>
   <datafield ind1="8" ind2=" " tag="024">
      <subfield code="a">http://orcid.org/0000-0001-9533-2742</subfield>
   </datafield>
   <datafield tag="653" ind2=" " ind1=" ">
      <subfield code="a">Educación infantil - Ayudas audiovisuales</subfield>
   </datafield>
   <datafield ind2="0" ind1="0" tag="245">
      <subfield code="a">"Frederick" de Leo Lionni: Una propuesta didáctica de alfabetización visual para educación infantil.</subfield>
   </datafield>
</record>
</metadata></record></GetRecord></OAI-PMH>